Die Heil- und Mineralquellen Südbayerns. (Record no. 28502)

MARC details
000 -LEADER
fixed length control field 00727cam a22002531 4500
001 - CONTROL NUMBER
control field gs 50000270
003 - CONTROL NUMBER IDENTIFIER
control field DLC
005 - DATE AND TIME OF LATEST TRANSACTION
control field 20260227111357.0
008 - FIXED-LENGTH DATA ELEMENTS--GENERAL INFORMATION
fixed length control field 811013s1950 gw b b 000 0 ger c
010 ## - LIBRARY OF CONGRESS CONTROL NUMBER
LC control number gs 50000270
035 ## - SYSTEM CONTROL NUMBER
System control number (OCoLC)7844196
040 ## - CATALOGING SOURCE
Original cataloging agency U.S. Geol. Survey Libr.
Transcribing agency TxHR
Modifying agency DLC
042 ## - AUTHENTICATION CODE
Authentication code premarc
043 ## - GEOGRAPHIC AREA CODE
Geographic area code e-gx---
050 00 - LIBRARY OF CONGRESS CALL NUMBER
Classification number QE269
Item number .G36 Nr. 2
100 1# - MAIN ENTRY--PERSONAL NAME
Personal name Abele, Gustav.
245 14 - TITLE STATEMENT
Title Die Heil- und Mineralquellen Südbayerns.
260 ## - PUBLICATION, DISTRIBUTION, ETC.
Place of publication, distribution, etc. München,
Date of publication, distribution, etc. 1950.
300 ## - PHYSICAL DESCRIPTION
Extent 112 p.
Other physical details 2 fold. maps.
Dimensions 24 cm.
440 #0 - SERIES STATEMENT/ADDED ENTRY--TITLE
Title Geologica bavarica,
Volume/sequential designation Nr. 2
504 ## - BIBLIOGRAPHY, ETC. NOTE
Bibliography, etc. note "Schriftenverzeichnis": p. 107-112.
650 #0 - SUBJECT ADDED ENTRY--TOPICAL TERM
Topical term or geographic name entry element Mineral waters
Geographic subdivision Germany
-- Bavaria.
650 #0 - SUBJECT ADDED ENTRY--TOPICAL TERM
Topical term or geographic name entry element Springs
Geographic subdivision Germany
-- Bavaria.

No items available.

Powered by Koha